Export Marketing (Record no. 477790)

MARC details
000 -LEADER
fixed length control field 00516nam a2200205Ia 4500
008 - FIXED-LENGTH DATA ELEMENTS--GENERAL INFORMATION
fixed length control field 100315s9999 xx 000 0 und d
040 ## - CATALOGING SOURCE
Transcribing agency ENGLISH 
082 ## - DEWEY DECIMAL CLASSIFICATION NUMBER
Item number 3055 
Classification number 658.848 
100 ## - MAIN ENTRY--PERSONAL NAME
Personal name "RATHOR, B. S. RATHOR, J. S. "
245 ## - TITLE STATEMENT
Title Export Marketing
260 ## - PUBLICATION, DISTRIBUTION, ETC. (IMPRINT)
Name of publisher, distributor, etc Himalaya  
Date of publication, distribution, etc
300 ## - PHYSICAL DESCRIPTION
Extent "XVI,754P  "
365 ## - TRADE PRICE
Price note Aus.Sch. 
Unit of pricing
Price amount 0.00 
366 ## - TRADE AVAILABILITY INFORMATION
Publishers' discount category
530 ## - ADDITIONAL PHYSICAL FORM AVAILABLE NOTE
Availability source -  
630 ## - SUBJECT ADDED ENTRY--UNIFORM TITLE
Uniform title Export Marketing
650 ## - SUBJECT ADDED ENTRY--TOPICAL TERM
Topical term or geographic name as entry element Export Marketing 
730 ## - ADDED ENTRY--UNIFORM TITLE
Uniform title Export Marketing
942 ## - ADDED ENTRY ELEMENTS (KOHA)
Koha item type Book
Holdings
Withdrawn status Lost status Damaged status Not for loan Home library Current library Date acquired Cost, normal purchase price Total Checkouts Full call number Barcode Date last seen Price effective from Koha item type
        Dr. V. N. Bedekar Institute of Management Studies Library Dr. V. N. Bedekar Institute of Management Studies Library 03/19/2010 0.00   658.848 /RAT  3055  VPMBRIMS-3055  03/19/2010 03/19/2010 Book